[Event "Lindores Abbey Tal Blitz 2021"]
[Site "Riga"]
[Date "2021.11.08"]
[Round "12.16"]
[White "Sarana, Alexey"]
[Black "Henriquez Villagra, Cristobal"]
[Result "1-0"]
[WhiteElo "2656"]
[BlackElo "2608"]
[Annotator "TA"]
[PlyCount "91"]
[EventDate "2021.11.02"]
[EventType "swiss"]
[EventCountry "LAT"]
[SourceTitle "playchess.com"]
[Source "ChessBase"]
[SourceQuality "1"]

1. d4 Nf6 2. c4 e6 3. Nf3 d5 4. Nc3 c6 5. Bg5 Nbd7 6. e3 Be7 7. Be2 O-O 8. O-O
dxc4 9. Bxc4 b5 10. Bd3 Bb7 11. Rc1 a6 12. a4 Rc8 13. Ne5 h6 14. Bxf6 Nxf6 15.
Qf3 Ba8 16. Qf4 Nh5 17. Qg4 Nf6 18. Qf4 Nh5 19. Qf3 Nf6 20. axb5 cxb5 21. Qg3
Bd6 22. f4 b4 23. Ne2 Ne4 24. Qg4 f5 25. Qh5 a5 26. Bc4 Bd5 27. Bxd5 exd5 28.
Ng3 Bxe5 29. fxe5 Rxc1 30. Rxc1 f4 31. Nf5 fxe3 32. Qg6 Qg5 33. Qxg5 Nxg5 34.
Nxe3 Ne6 35. Rd1 Rd8 36. b3 Kf7 37. Nf5 Rd7 38. Kf2 Rc7 39. Ra1 Kg6 40. g4 Rc3
41. Rxa5 Rxb3 42. Ra6 Kf7 43. Ra5 Nf4 44. Ra7+ Kf8 45. Nxg7 Rd3 46. e6 1-0

[Event "Lindores Abbey Tal Blitz 2021"]
[Site "Riga"]
[Date "2021.11.08"]
[Round "12.17"]
[White "Nihal Sarin"]
[Black "Sargissian, Gabriel"]
[Result "1-0"]
[WhiteElo "2650"]
[BlackElo "2664"]
[Annotator "TA"]
[PlyCount "107"]
[EventDate "2021.11.02"]
[EventType "swiss"]
[EventCountry "LAT"]
[SourceTitle "playchess.com"]
[Source "ChessBase"]
[SourceQuality "1"]

1. d4 Nf6 2. Bf4 d5 3. e3 Bf5 4. c4 e6 5. Nc3 Bb4 6. Bd3 Bxd3 7. Qxd3 O-O 8.
Nge2 c5 9. dxc5 Na6 10. Bd6 Re8 11. O-O dxc4 12. Qxc4 Rc8 13. Rfd1 Qa5 14. Qb5
Nxc5 15. Rac1 a6 16. Qxa5 Bxa5 17. f3 Ncd7 18. e4 Bb6+ 19. Kf1 Be3 20. Rb1 g5
21. Bg3 Nb6 22. b3 Nh5 23. Bf2 Bxf2 24. Kxf2 Red8 25. Rxd8+ Rxd8 26. Ke3 Nf6
27. Rc1 Rc8 28. Rd1 Kf8 29. Rc1 Nfd7 30. Rd1 Ke7 31. g3 h6 32. Rc1 Ne5 33. a4
Rd8 34. Rd1 Rxd1 35. Nxd1 Nc6 36. Ndc3 Nd7 37. Nd4 Nxd4 38. Kxd4 f6 39. f4 e5+
40. fxe5 Nxe5 41. Nd5+ Ke6 42. Kc5 Nf3 43. Kb6 Nxh2 44. Kxb7 h5 45. Kxa6 Nf1
46. a5 Nxg3 47. Kb6 Nxe4 48. a6 Nd6 49. Nc7+ Kd7 50. Nd5 g4 51. Nxf6+ Ke6 52.
Nxh5 Kd7 53. Nf6+ Kc8 54. a7 1-0

[Event "Lindores Abbey Tal Blitz 2021"]
[Site "Riga"]
[Date "2021.11.08"]
[Round "12.18"]
[White "Howell, David W L"]
[Black "Predke, Alexandr"]
[Result "0-1"]
[WhiteElo "2648"]
[BlackElo "2668"]
[Annotator "TA"]
[PlyCount "72"]
[EventDate "2021.11.02"]
[EventType "swiss"]
[EventCountry "LAT"]
[SourceTitle "playchess.com"]
[Source "ChessBase"]
[SourceQuality "1"]

1. c4 e6 2. g3 d5 3. Bg2 Nf6 4. Nf3 dxc4 5. Qa4+ Nbd7 6. Qxc4 a6 7. Qb3 Rb8 8.
O-O b5 9. d3 Bb7 10. Bg5 Be7 11. Nc3 O-O 12. a4 Nc5 13. Qc2 b4 14. Nd1 b3 15.
Qc1 Nd5 16. Bxe7 Qxe7 17. Ne3 Rfc8 18. a5 Nd7 19. Ra3 Nxe3 20. Qxe3 Bd5 21. Nd2
Bxg2 22. Kxg2 Nf6 23. Rc1 Nd5 24. Qc5 Qf6 25. Nc4 Rb5 26. Qc6 Qg5 27. Raa1 Rcb8
28. Qxa6 h5 29. h4 Qg4 30. e3 Nb4 31. Qa7 Nxd3 32. Rc3 Nxf2 33. Kxf2 Rf5+ 34.
Ke1 Qxg3+ 35. Kd2 Rf2+ 36. Kd3 Rd8+ 0-1

[Event "Lindores Abbey Tal Blitz 2021"]
[Site "Riga"]
[Date "2021.11.08"]
[Round "12.19"]
[White "Kovalev, Vladislav"]
[Black "Kravtsiv, Martyn"]
[Result "1-0"]
[WhiteElo "2634"]
[BlackElo "2616"]
[Annotator "TA"]
[PlyCount "109"]
[EventDate "2021.11.02"]
[EventType "swiss"]
[EventCountry "LAT"]
[SourceTitle "playchess.com"]
[Source "ChessBase"]
[SourceQuality "1"]

1. e4 e5 2. Nf3 Nc6 3. Bb5 a6 4. Ba4 Nf6 5. O-O Be7 6. Re1 b5 7. Bb3 d6 8. c3
O-O 9. h3 Bb7 10. d4 Re8 11. Nbd2 Bf8 12. a3 h6 13. Bc2 Nb8 14. b3 Nbd7 15. Bb2
Rb8 16. a4 c6 17. Bd3 Qc7 18. Qc2 g6 19. c4 bxa4 20. Rxa4 Nh5 21. c5 exd4 22.
cxd6 Bxd6 23. Nxd4 Nc5 24. Rc4 Nxd3 25. Qxd3 Be5 26. Qc2 Nf4 27. N2f3 Bg7 28.
Rc5 Rbc8 29. Rc1 Qd7 30. Ne2 Bxb2 31. Qxb2 Nd3 32. Qd2 Nxc5 33. Rxc5 Qxd2 34.
Nxd2 Rcd8 35. Rc2 c5 36. f3 Rd3 37. Nf4 Rd6 38. Kf2 Kg7 39. Ke3 Red8 40. Nc4
Rf6 41. h4 Bc8 42. g4 Rc6 43. Ne5 Rb6 44. Rc3 Re8 45. Nd5 Rb7 46. Nd3 f5 47.
Nxc5 Rf7 48. gxf5 gxf5 49. Rc1 fxe4 50. fxe4 Bb7 51. Rg1+ Kh7 52. Nxb7 Rxb7 53.
Nf6+ Kh8 54. Nxe8 Rxb3+ 55. Kf4 1-0

[Event "Lindores Abbey Tal Blitz 2021"]
[Site "Riga"]
[Date "2021.11.08"]
[Round "12.20"]
[White "Bartel, Mateusz"]
[Black "Indjic, Aleksandar"]
[Result "0-1"]
[WhiteElo "2619"]
[BlackElo "2612"]
[Annotator "TA"]
[PlyCount "122"]
[EventDate "2021.11.02"]
[EventType "swiss"]
[EventCountry "LAT"]
[SourceTitle "playchess.com"]
[Source "ChessBase"]
[SourceQuality "1"]

1. e4 e5 2. Nf3 Nf6 3. Nxe5 d6 4. Nf3 Nxe4 5. Nc3 Nf6 6. d4 Be7 7. Bg5 O-O 8.
Qd2 a6 9. O-O-O b5 10. Bd3 Bb7 11. h4 Nbd7 12. h5 Re8 13. Kb1 h6 14. Be3 Bf8
15. Nh4 c5 16. dxc5 dxc5 17. Nf5 Ne5 18. Be2 Qxd2 19. Rxd2 b4 20. Na4 Bxg2 21.
Rg1 Be4 22. Nxg7 Bxg7 23. Bxh6 Nxh5 24. Bxg7 Nxg7 25. Nxc5 Nf3 26. Bxf3 Bxf3
27. Rd3 Bh5 28. Rd6 Bg6 29. Nxa6 Nf5 30. Rb6 b3 31. axb3 Nd4 32. Rbxg6+ fxg6
33. Nc7 Nf3 34. Rd1 Rad8 35. Rh1 Re1+ 36. Rxe1 Nxe1 37. b4 Rd1+ 38. Ka2 Nxc2
39. b5 Nd4 40. Ka3 Rc1 41. b6 Rc6 42. Nd5 Rc5 43. Nc3 Rc8 44. Kb4 Kf7 45. Ka5
Ra8+ 46. Kb4 Ke7 47. Kc5 Ne6+ 48. Kc6 Rc8+ 49. Kb5 Kd7 50. Na4 Nd4+ 51. Kb4 Kc6
52. Kc4 Nf5 53. b4 Rd8 54. b5+ Kb7 55. Kb4 Rd1 56. Nc3 Rd8 57. Ka5 Nd6 58. Kb4
Kxb6 59. Na4+ Kc7 60. Nc5 Re8 61. Ka5 Nb7+ 0-1

[Event "Lindores Abbey Tal Blitz 2021"]
[Site "Riga"]
[Date "2021.11.08"]
[Round "12.21"]
[White "Durarbayli, Vasif"]
[Black "Ponkratov, Pavel"]
[Result "1/2-1/2"]
[WhiteElo "2629"]
[BlackElo "2662"]
[Annotator "TA"]
[PlyCount "54"]
[EventDate "2021.11.02"]
[EventType "swiss"]
[EventCountry "LAT"]
[SourceTitle "playchess.com"]
[Source "ChessBase"]
[SourceQuality "1"]

1. e4 c5 2. b3 b6 3. Bb2 Bb7 4. Nc3 Nc6 5. f4 e6 6. Qf3 Nd4 7. Qd3 f5 8. O-O-O
Nf6 9. exf5 exf5 10. Nf3 Nxf3 11. gxf3 g6 12. Qe3+ Qe7 13. Nb5 Kf7 14. Qf2 d5
15. Re1 Qd7 16. Qh4 d4 17. Bc4+ Bd5 18. Bxd5+ Nxd5 19. Na3 b5 20. c4 Be7 21.
Qh6 Nb4 22. Kb1 a6 23. Re5 Nd3 24. Rd5 Qe6 25. h4 bxc4 26. Re5 Nxe5 27. fxe5
cxb3 1/2-1/2

[Event "Lindores Abbey Tal Blitz 2021"]
[Site "Riga"]
[Date "2021.11.08"]
[Round "12.22"]
[White "Yilmaz, Mustafa"]
[Black "Kovalenko, Igor"]
[Result "1-0"]
[WhiteElo "2626"]
[BlackElo "2668"]
[Annotator "TA"]
[PlyCount "117"]
[EventDate "2021.11.02"]
[EventType "swiss"]
[EventCountry "LAT"]
[SourceTitle "playchess.com"]
[Source "ChessBase"]
[SourceQuality "1"]

1. d4 Nf6 2. c4 e6 3. Nf3 b6 4. g3 Ba6 5. b3 d5 6. Bg2 Bb4+ 7. Bd2 Bd6 8. Nc3
Nbd7 9. O-O O-O 10. e4 Nxe4 11. Nxe4 dxe4 12. Ng5 Nf6 13. Nxe4 Nxe4 14. Bxe4
Rb8 15. Re1 Bb7 16. Bxb7 Rxb7 17. Qf3 Rb8 18. Rad1 Re8 19. Bc3 Qg5 20. h4 Qh6
21. Kg2 a5 22. Qc6 Qh5 23. Rd3 Rbd8 24. Rde3 Rf8 25. Re4 Qg6 26. c5 bxc5 27.
dxc5 Be7 28. Qxc7 Rfe8 29. Bxa5 Rc8 30. Qd7 Bxc5 31. Rc4 Qf5 32. Rf4 Qh5 33.
Rc1 Ra8 34. g4 Qe5 35. Qxf7+ Kh8 36. Bc3 Qd5+ 37. Rf3 Rg8 38. Qh5 Rxa2 39.
Bxg7+ Rxg7 40. Rxc5 Qxh5 41. Rf8+ Rg8 42. Rxg8+ Kxg8 43. Rxh5 Rb2 44. Rb5 Kf7
45. Kg3 h6 46. f3 Kf6 47. Rb8 e5 48. Rb6+ Kf7 49. h5 Rb1 50. Kf2 Kg7 51. Ke3
Re1+ 52. Kd3 Kh7 53. b4 Rb1 54. b5 Rb4 55. Ke3 Kg7 56. Rg6+ Kh7 57. b6 Ra4 58.
Re6 Rb4 59. Re7+ 1-0

[Event "Lindores Abbey Tal Blitz 2021"]
[Site "Riga"]
[Date "2021.11.08"]
[Round "12.23"]
[White "Zvjaginsev, Vadim"]
[Black "Kryvoruchko, Yuriy"]
[Result "1-0"]
[WhiteElo "2609"]
[BlackElo "2681"]
[Annotator "TA"]
[PlyCount "199"]
[EventDate "2021.11.02"]
[EventType "swiss"]
[EventCountry "LAT"]
[SourceTitle "playchess.com"]
[Source "ChessBase"]
[SourceQuality "1"]

1. c4 Nf6 2. Nc3 e5 3. Nf3 Nc6 4. a3 g6 5. g3 Bg7 6. Bg2 O-O 7. O-O d6 8. d3 h6
9. b4 Be6 10. b5 Ne7 11. Nd2 c6 12. a4 Qd7 13. a5 cxb5 14. Nxb5 d5 15. Ba3 Rfd8
16. Rb1 Ne8 17. Bxe7 Qxe7 18. cxd5 Bxd5 19. Bxd5 Rxd5 20. Qb3 Rad8 21. Nc4 e4
22. Nxa7 exd3 23. exd3 Rxd3 24. Qxb7 R3d7 25. a6 Rxb7 26. axb7 Qc7 27. Na5 Nd6
28. Rfc1 Qxa5 29. Nc6 Nxb7 30. Nxa5 Nxa5 31. Rc5 Ra8 32. Rbb5 Bd4 33. Rxa5 Rb8
34. Rcb5 Rc8 35. Rd5 Bb6 36. Rab5 Ba7 37. Rb7 Bc5 38. Rdd7 Rf8 39. g4 Kg7 40.
Kg2 g5 41. h3 Kg6 42. Rbc7 Ba3 43. Rc3 Bb2 44. Rc6+ Kg7 45. Rcc7 Be5 46. Rb7
Kg6 47. Kf3 Kg7 48. Ke4 Bf4 49. Kf5 Bc1 50. Rd1 Bf4 51. Rdd7 Bc1 52. Rb6 Bf4
53. Rg6+ Kh7 54. Rc6 Kg7 55. Rg6+ Kh7 56. Ra6 Kg7 57. Raa7 Bc1 58. Rab7 Bf4 59.
h4 Bc1 60. h5 Bf4 61. Ke4 Re8+ 62. Kd3 Rf8 63. Kd4 Bh2 64. Kd5 Bf4 65. Ke4 Re8+
66. Kd4 Rf8 67. Re7 Rd8+ 68. Ke4 Rf8 69. Re6 Bc1 70. Rd7 Bf4 71. Rg6+ Kh7 72.
Rf6 Kg7 73. Kf5 Bc1 74. Rfd6 Bf4 75. Rg6+ Kh7 76. Rc6 Kg7 77. Rg6+ Kh7 78. Rb6
Kg7 79. Rbb7 Bc1 80. Re7 Bf4 81. Re6 Bc1 82. Reb6 Bd2 83. Rb8 Rxb8 84. Rxb8 Be1
85. f3 Bg3 86. Rb6 Bf4 87. Rc6 Be3 88. Ke4 Bf4 89. Kd5 Bg3 90. Rb6 Bf2 91. Ra6
Bg3 92. Kc6 Kf6 93. Kd5+ Kg7 94. Kc6 Kf6 95. Kd7+ Ke5 96. Rxh6 f5 97. gxf5 Kxf5
98. Ke7 Be5 99. Kf7 Kf4 100. Rg6 1-0

[Event "Lindores Abbey Tal Blitz 2021"]
[Site "Riga"]
[Date "2021.11.08"]
[Round "12.24"]
[White "Pichot, Alan"]
[Black "Cheparinov, Ivan"]
[Result "1-0"]
[WhiteElo "2630"]
[BlackElo "2677"]
[Annotator "TA"]
[PlyCount "101"]
[EventDate "2021.11.02"]
[EventType "swiss"]
[EventCountry "LAT"]
[SourceTitle "playchess.com"]
[Source "ChessBase"]
[SourceQuality "1"]

1. e4 e5 2. Nf3 Nc6 3. Bb5 a6 4. Ba4 Nf6 5. O-O Be7 6. Re1 b5 7. Bb3 O-O 8. d3
d6 9. c3 Na5 10. Bc2 c5 11. Nbd2 Nc6 12. Nf1 Re8 13. Ng3 h6 14. h3 Be6 15. d4
cxd4 16. cxd4 exd4 17. Ne2 d5 18. e5 Ne4 19. Nexd4 Nxd4 20. Nxd4 Bc5 21. Be3
Rc8 22. f3 Ng3 23. Qd3 g6 24. Bb3 Nf5 25. Bf2 Qb6 26. Rad1 a5 27. Qxb5 Qa7 28.
Qa4 Red8 29. Bc2 Nxd4 30. Rxd4 Bxd4 31. Bxd4 Qd7 32. Qxd7 Rxd7 33. Bd3 Rb8 34.
Kf2 a4 35. Rc1 Rdd8 36. g4 Rdc8 37. Rg1 Rb4 38. Ke3 Kg7 39. f4 Kf8 40. f5 Bd7
41. Rf1 Ke7 42. fxg6 fxg6 43. Bxg6 Be6 44. Bd3 h5 45. gxh5 Bxh3 46. Rf6 Be6 47.
h6 Rbb8 48. h7 Rh8 49. Rh6 Rbf8 50. Bc5+ Kf7 51. Bxf8 1-0

[Event "Lindores Abbey Tal Blitz 2021"]
[Site "Riga"]
[Date "2021.11.08"]
[Round "12.25"]
[White "Demchenko, Anton"]
[Black "Matlakov, Maxim"]
[Result "0-1"]
[WhiteElo "2655"]
[BlackElo "2691"]
[Annotator "TA"]
[PlyCount "261"]
[EventDate "2021.11.02"]
[EventType "swiss"]
[EventCountry "LAT"]
[SourceTitle "playchess.com"]
[Source "ChessBase"]
[SourceQuality "1"]

1. e4 e5 2. Nf3 Nc6 3. Bc4 Bc5 4. d3 Nf6 5. a4 a5 6. Be3 Bxe3 7. fxe3 O-O 8.
Nc3 d6 9. Qe2 Ne7 10. h3 c6 11. g4 d5 12. exd5 cxd5 13. Bb3 d4 14. exd4 exd4
15. Nb5 Ned5 16. O-O-O Bd7 17. Nfxd4 h6 18. Kb1 Qb6 19. Qe5 Rfe8 20. Qd6 Bc6
21. Rhe1 Red8 22. Qg3 Nb4 23. c3 Nbd5 24. g5 Nh5 25. Qg4 g6 26. gxh6 Kh7 27.
Re5 Ndf6 28. Qg5 Rf8 29. Rf1 Qd8 30. Rg1 Be8 31. Ka2 Ra6 32. Rge1 Ra8 33. Re7
Ng8 34. Nc7 Nxe7 35. Qxe7 Qxe7 36. Rxe7 Rc8 37. Nde6 Rh8 38. Ng5+ Kxh6 39. h4
f6 40. Ne4 Bc6 41. Nd6 Rcf8 42. Ne6 Ng3 43. Nxf8 Rxf8 44. Nxb7 Nf5 45. Rc7 Bg2
46. Nxa5 Nxh4 47. Nc6 f5 48. a5 f4 49. Bd1 f3 50. Bxf3 Bxf3 51. b4 g5 52. Ne5
g4 53. Nxg4+ Bxg4 54. b5 Be2 55. Rd7 Ra8 56. a6 Nf3 57. Rd6+ Kg7 58. Kb3 Ne5
59. b6 Rxa6 60. b7 Rxd6 61. b8=Q Bd1+ 62. Ka2 Re6 63. Qc7+ Kf6 64. Qd8+ Kf7 65.
c4 Be2 66. Qc7+ Re7 67. Qd6 Bxd3 68. c5 Re6 69. Qc7+ Kf6 70. Kb2 Be4 71. Qd8+
Kf5 72. Qf8+ Rf6 73. Qh8 Bc6 74. Kc3 Ke6 75. Qg8+ Ke7 76. Qg7+ Ke6 77. Kb4 Nd7
78. Qg4+ Ke7 79. Qe2+ Re6 80. Qh2 Re4+ 81. Kc3 Re5 82. Qg1 Rxc5+ 83. Kb3 Rb5+
84. Kc3 Ne5 85. Qg7+ Kd6 86. Qf8+ Kd5 87. Qg8+ Kc5 88. Qf8+ Kb6 89. Qb8+ Ka6
90. Qc8+ Bb7 91. Qe6+ Nc6 92. Qh6 Re5 93. Qh8 Kb5 94. Qh6 Rf5 95. Kd2 Rd5+ 96.
Ke3 Ne5 97. Qh8 Rd3+ 98. Ke2 Rd5 99. Qe8+ Bc6 100. Qb8+ Kc4 101. Ke3 Ng4+ 102.
Kf4 Rd4+ 103. Kg5 Ne3 104. Qc8 Kc5 105. Qf8+ Kc4 106. Qc8 Kc5 107. Qf8+ Rd6
108. Qf2 Re6 109. Qa2 Nd5 110. Qa3+ Kd4 111. Qb2+ Kc5 112. Qa3+ Kb6 113. Qb2+
Kc7 114. Qh2+ Kd7 115. Qh3 Kd6 116. Qh2+ Re5+ 117. Kh4 Ne3 118. Qa2 Nf5+ 119.
Kg4 Nd4 120. Qa3+ Ke6 121. Qa2+ Bd5 122. Qa6+ Bc6 123. Qb6 Re4+ 124. Kh3 Kf5
125. Qc5+ Kf4 126. Qd6+ Ke3 127. Qh6+ Ke2 128. Qh5+ Nf3 129. Qc5 Bd7+ 130. Kg2
Rg4+ 131. Kh1 0-1

[Event "Lindores Abbey Tal Blitz 2021"]
[Site "Riga"]
[Date "2021.11.08"]
[Round "12.27"]
[White "Movsesian, Sergei"]
[Black "Stefanova, Antoaneta"]
[Result "1-0"]
[WhiteElo "2618"]
[BlackElo "2475"]
[Annotator "TA"]
[PlyCount "123"]
[EventDate "2021.11.02"]
[EventType "swiss"]
[EventCountry "LAT"]
[SourceTitle "playchess.com"]
[Source "ChessBase"]
[SourceQuality "1"]

1. e4 e5 2. Nf3 Nc6 3. g3 Nf6 4. d3 d5 5. exd5 Nxd5 6. Bg2 Bg4 7. O-O Bd6 8. h3
Bh5 9. Nc3 Nxc3 10. bxc3 O-O 11. Rb1 Rb8 12. Be3 b6 13. Qc1 f5 14. Re1 f4 15.
gxf4 exf4 16. Bd2 Qf6 17. Rb5 Bxf3 18. Bxf3 Ne5 19. Qd1 Qg5+ 20. Kf1 c5 21. d4
Ng6 22. Qe2 Kh8 23. Qe6 Rbd8 24. Qg4 Qf6 25. Re6 Qf7 26. Rb1 Ne7 27. Rbe1 Ng8
28. d5 c4 29. Qh5 Qxh5 30. Bxh5 Nf6 31. Bf3 g5 32. Bc1 Rf7 33. Rd1 b5 34. Be2
a6 35. a4 Kg7 36. h4 g4 37. f3 h5 38. Rd4 gxf3 39. Bxf3 Bc5 40. Rxf4 Nxd5 41.
Rxf7+ Kxf7 42. Re5 Nxc3 43. Rxc5 Nxa4 44. Rxh5 c3 45. Rf5+ Ke6 46. Bg4 Kd6 47.
h5 Rg8 48. Bf3 b4 49. h6 Rh8 50. Rf6+ Ke5 51. Rxa6 Nc5 52. Rc6 Kd4 53. Bg5 Rf8
54. Ke2 b3 55. cxb3 Nxb3 56. Be3+ Ke5 57. Rxc3 Nd4+ 58. Bxd4+ Kxd4 59. Rc7 Ke5
60. h7 Kf6 61. Bd5 Rh8 62. Bg8 1-0

[Event "Lindores Abbey Tal Blitz 2021"]
[Site "Riga"]
[Date "2021.11.08"]
[Round "12.28"]
[White "Muzychuk, Mariya"]
[Black "Fedoseev, Vladimir"]
[Result "0-1"]
[WhiteElo "2536"]
[BlackElo "2704"]
[Annotator "TA"]
[PlyCount "91"]
[EventDate "2021.11.02"]
[EventType "swiss"]
[EventCountry "LAT"]
[SourceTitle "playchess.com"]
[Source "ChessBase"]
[SourceQuality "1"]

1. e4 c6 2. d4 d5 3. Nc3 g6 4. Nf3 Bg7 5. h3 Nh6 6. e5 O-O 7. Bd3 f6 8. exf6
exf6 9. O-O Nd7 10. Bf4 Re8 11. Qd2 Nf7 12. Rfe1 Rxe1+ 13. Rxe1 Nf8 14. Ne2 Nd6
15. b3 Ne6 16. Bxd6 Qxd6 17. c4 Bd7 18. Nc3 Nf4 19. Bf1 Bh6 20. Qd1 Re8 21.
Rxe8+ Bxe8 22. g3 Ne6 23. Bg2 Nc7 24. Qd3 Bf7 25. c5 Qd7 26. h4 Be6 27. b4 Bf5
28. Qe2 Ne6 29. b5 Bg4 30. bxc6 bxc6 31. Qd3 Qb7 32. Nd2 Bf5 33. Qe2 Qb2 34.
Nxd5 Qxd2 35. Ne7+ Kf7 36. Qxd2 Bxd2 37. Nxc6 Bc3 38. d5 Nxc5 39. Nxa7 Bb1 40.
Nb5 Ba5 41. a3 Ke7 42. f4 Nb3 43. Kf2 Bd3 44. a4 Bb6+ 45. Ke1 Bf1 46. Bxf1 0-1

[Event "Lindores Abbey Tal Blitz 2021"]
[Site "Riga"]
[Date "2021.11.08"]
[Round "12.29"]
[White "Swiercz, Dariusz"]
[Black "Saric, Ivan"]
[Result "1-0"]
[WhiteElo "2647"]
[BlackElo "2665"]
[Annotator "RC"]
[PlyCount "63"]
[EventDate "2021.11.02"]
[EventType "swiss"]
[EventCountry "LAT"]
[SourceTitle "playchess.com"]
[Source "ChessBase"]
[SourceQuality "1"]

1. Nf3 Nf6 2. b3 d5 3. Bb2 Bg4 4. e3 Nbd7 5. Be2 e6 6. h3 Bh5 7. Nh4 Bxe2 8.
Qxe2 Bd6 9. O-O g5 10. Nf3 Rg8 11. Nc3 c6 12. e4 g4 13. hxg4 d4 14. e5 Nxe5 15.
Nxe5 Bxe5 16. Qxe5 Nxg4 17. Qh5 dxc3 18. Bxc3 Qd6 19. f3 Rg5 20. Qh4 Qc5+ 21.
d4 Qxc3 22. Qxg5 Qxd4+ 23. Kh1 Ne3 24. Rfe1 Nd5 25. Rad1 Qh8 26. c4 Nf6 27. Rd3
Rd8 28. Red1 Rxd3 29. Rxd3 h5 30. Qd2 Ke7 31. Qb4+ Ke8 32. Qd6 1-0

[Event "Lindores Abbey Tal Blitz 2021"]
[Site "Riga"]
[Date "2021.11.08"]
[Round "12.30"]
[White "Neiksans, Arturs"]
[Black "Hovhannisyan, Robert"]
[Result "0-1"]
[WhiteElo "2575"]
[BlackElo "2622"]
[Annotator "TA"]
[PlyCount "70"]
[EventDate "2021.11.02"]
[EventType "swiss"]
[EventCountry "LAT"]
[SourceTitle "playchess.com"]
[Source "ChessBase"]
[SourceQuality "1"]

1. e4 e5 2. Nf3 Nc6 3. Bc4 Bc5 4. O-O d6 5. c3 Nf6 6. d3 a5 7. Re1 O-O 8. h3
Be6 9. Bb5 Ba7 10. Nbd2 Ne7 11. Nf1 c6 12. Ba4 Ng6 13. Ng3 d5 14. exd5 Nxd5 15.
d4 exd4 16. Nxd4 Qc7 17. Ne4 Rae8 18. Bc2 Ndf4 19. Nxe6 Rxe6 20. Be3 Bxe3 21.
Rxe3 Rfe8 22. Qf1 Nh4 23. Ng5 Rxe3 24. fxe3 Nfxg2 25. Bb3 Rf8 26. Qf2 a4 27.
Bc2 Qe5 28. Bxh7+ Kh8 29. Nxf7+ Rxf7 30. Qxf7 Kxh7 31. Qf2 Qg5 32. Kh2 Nxe3 33.
Rg1 Qe5+ 34. Kh1 Qe4+ 35. Kh2 Nf3+ 0-1

[Event "Lindores Abbey Tal Blitz 2021"]
[Site "Riga"]
[Date "2021.11.08"]
[Round "12.31"]
[White "Sjugirov, Sanan"]
[Black "Tabatabaei, M. Amin"]
[Result "0-1"]
[WhiteElo "2663"]
[BlackElo "2639"]
[Annotator "TA"]
[PlyCount "64"]
[EventDate "2021.11.02"]
[EventType "swiss"]
[EventCountry "LAT"]
[SourceTitle "playchess.com"]
[Source "ChessBase"]
[SourceQuality "1"]

1. e4 c5 2. Nf3 Nc6 3. d4 cxd4 4. Nxd4 Nf6 5. Nc3 d6 6. Bg5 e6 7. Qd2 a6 8.
O-O-O Be7 9. f4 Bd7 10. Nf3 b5 11. Bxf6 gxf6 12. Kb1 b4 13. Ne2 h5 14. f5 e5
15. Nc1 Qb6 16. Bc4 Rc8 17. Bd5 a5 18. Rhg1 Na7 19. g4 hxg4 20. Rxg4 Bf8 21.
Ng5 fxg5 22. Qxg5 Bc6 23. Bxf7+ Kxf7 24. Qg6+ Ke7 25. Qe6+ Kd8 26. Qf6+ Kc7 27.
Qxh8 Kb8 28. Rg8 Bxe4 29. Rd2 Qc5 30. Rxf8 Bxc2+ 31. Ka1 Bxf5 32. Rd1 Qc2 0-1

[Event "Lindores Abbey Tal Blitz 2021"]
[Site "Riga"]
[Date "2021.11.08"]
[Round "12.32"]
[White "Moussard, Jules"]
[Black "Petrosyan, Manuel"]
[Result "0-1"]
[WhiteElo "2632"]
[BlackElo "2599"]
[Annotator "TA"]
[PlyCount "228"]
[EventDate "2021.11.02"]
[EventType "swiss"]
[EventCountry "LAT"]
[SourceTitle "playchess.com"]
[Source "ChessBase"]
[SourceQuality "1"]

1. Nh3 g6 2. g3 Bg7 3. Bg2 Nf6 4. O-O O-O 5. Na3 d5 6. d4 c5 7. dxc5 Na6 8. Nf4
e6 9. c4 d4 10. c6 bxc6 11. Bxc6 Rb8 12. Nb5 e5 13. Nd3 Bh3 14. Bg2 Bxg2 15.
Kxg2 Qe7 16. b3 Rfd8 17. Ba3 Qb7+ 18. Kg1 e4 19. Nf4 Ng4 20. Nd6 Qc6 21. Nd5
Bf8 22. h3 Bxd6 23. Bxd6 Qxd6 24. hxg4 Qe5 25. f4 exf3 26. Rxf3 Nc7 27. Nf6+
Kg7 28. Qd3 Ne6 29. Ne4 Nc5 30. Nxc5 Qxc5 31. Raf1 Rb7 32. Kg2 Re7 33. R1f2
Rdd7 34. Qd2 Qc6 35. Qf4 Re6 36. Kh2 Qe4 37. Qxe4 Rxe4 38. Rf4 Rde7 39. Rxe4
Rxe4 40. c5 Re3 41. Kh3 Kf8 42. b4 Ke7 43. g5 a5 44. b5 Re5 45. Rf6 Rxc5 46. a4
Rc4 47. Ra6 Rxa4 48. b6 Rb4 49. Ra7+ Ke6 50. b7 a4 51. Rxa4 Rxb7 52. Rxd4 Rb2
53. Rh4 Rxe2 54. Rxh7 Re5 55. Kg4 Re4+ 56. Kf3 Ra4 57. Rg7 Ra7 58. Kg4 Ra4+ 59.
Kf3 Ra7 60. Kg4 Rb7 61. Kf4 Rb4+ 62. Kf3 Rb1 63. Kg4 Rh1 64. Kf3 Rh8 65. Kf4
Ra8 66. Rh7 Ra4+ 67. Kf3 Ra7 68. Kf4 Rb7 69. Kf3 Kf5 70. Rh8 Rb3+ 71. Kg2 Kxg5
72. Rd8 f5 73. Rd6 Kh5 74. Ra6 Rb4 75. Rc6 g5 76. Rc2 Kg4 77. Ra2 Rc4 78. Rb2
Rd4 79. Rc2 Re4 80. Rd2 Re3 81. Rd4+ Re4 82. Rd2 Ra4 83. Rb2 Kh5 84. Rf2 Kg6
85. Rb2 Rd4 86. Rb6+ Kh5 87. Rb2 Re4 88. Rf2 Kg6 89. Rb2 Kf6 90. Rb6+ Re6 91.
Rb2 Rd6 92. Ra2 Ke5 93. Re2+ Kf6 94. Ra2 Rd4 95. Ra6+ Ke5 96. Ra2 Rd3 97. Re2+
Kd4 98. Re8 Ra3 99. Rf8 Ra2+ 100. Kf3 g4+ 101. Kf4 Rf2+ 102. Kg5 Ke4 103. Kh4
Rh2+ 104. Kg5 Kf3 105. Rxf5+ Kxg3 106. Ra5 Kh3 107. Ra4 g3 108. Rh4+ Kg2 109.
Ra4 Rh8 110. Ra2+ Kh3 111. Ra3 Kh2 112. Ra2+ g2 113. Kg4 Kh1 114. Ra1+ g1=Q+
0-1

[Event "Lindores Abbey Tal Blitz 2021"]
[Site "Riga"]
[Date "2021.11.08"]
[Round "12.33"]
[White "Volokitin, Andrei"]
[Black "Abasov, Nijat"]
[Result "1-0"]
[WhiteElo "2656"]
[BlackElo "2634"]
[Annotator "RC"]
[PlyCount "73"]
[EventDate "2021.11.02"]
[EventType "swiss"]
[EventCountry "LAT"]
[SourceTitle "playchess.com"]
[Source "ChessBase"]
[SourceQuality "1"]

1. e4 c5 2. Nf3 Nc6 3. Bb5 g6 4. Bxc6 dxc6 5. d3 Bg7 6. h3 Nf6 7. Nc3 Nd7 8.
Be3 e5 9. Qd2 h6 10. O-O b6 11. Nh2 Nf6 12. a3 Be6 13. Nf3 Nh5 14. b4 f5 15.
Qe2 cxb4 16. axb4 f4 17. Bc1 O-O 18. Bb2 Qe8 19. Ra6 g5 20. Rfa1 g4 21. hxg4
Bxg4 22. Rxa7 Rxa7 23. Rxa7 Qe6 24. Nb1 c5 25. Nbd2 cxb4 26. Qe1 Rc8 27. Qa1
Rc5 28. d4 Rxc2 29. d5 Qe8 30. Bxe5 Bxe5 31. Nxe5 Bc8 32. Nc6 Rxd2 33. Ne7+ Kf7
34. Nf5+ Kg6 35. Rg7+ Nxg7 36. Qxg7+ Kh5 37. Qxh6+ 1-0

[Event "Lindores Abbey Tal Blitz 2021"]
[Site "Riga"]
[Date "2021.11.08"]
[Round "12.34"]
[White "Van Foreest, Jorden"]
[Black "Sadhwani, Raunak"]
[Result "1-0"]
[WhiteElo "2701"]
[BlackElo "2609"]
[Annotator "RC"]
[PlyCount "131"]
[EventDate "2021.11.02"]
[EventType "swiss"]
[EventCountry "LAT"]
[SourceTitle "playchess.com"]
[Source "ChessBase"]
[SourceQuality "1"]

1. g3 d5 2. Nf3 g6 3. Bg2 Bg7 4. d4 Nf6 5. O-O O-O 6. a4 a5 7. Nbd2 c6 8. b3
Bf5 9. e3 Nbd7 10. Bb2 Re8 11. c4 e6 12. h3 h5 13. Qe2 Ne4 14. Rfc1 Nxd2 15.
Nxd2 Nf6 16. Nf3 Be4 17. Bf1 Bxf3 18. Qxf3 Ne4 19. Bd3 f5 20. Kg2 Bf8 21. Ba3
Bxa3 22. Rxa3 Rf8 23. Qf4 Qe7 24. Ra2 Rae8 25. Rb2 g5 26. Qe5 Nd6 27. cxd5 exd5
28. Qxe7 Rxe7 29. Rc5 f4 30. exf4 gxf4 31. g4 hxg4 32. hxg4 Re1 33. Rb1 f3+ 34.
Kg3 Re4 35. Rd1 Kg7 36. Bc2 Re2 37. Rh1 Rxc2 38. Rxc2 Ne4+ 39. Kh2 Rf4 40. Kg1
Ng5 41. Rd2 Ne6 42. Rd3 Nxd4 43. Kf1 Kf6 44. Rh7 b5 45. axb5 cxb5 46. Ra7 Rxg4
47. Rxa5 Ke5 48. Ra8 Kd6 49. b4 Rh4 50. Ke1 Nc2+ 51. Kd2 Nxb4 52. Rxf3 d4 53.
Rf5 Nc6 54. Ra6 Rh6 55. Rxb5 Kc7 56. Rg5 Rf6 57. f4 Kb7 58. Ra1 Rxf4 59. Kd3
Rf3+ 60. Ke4 Rc3 61. Kd5 d3 62. Rb1+ Kc7 63. Rg7+ Kd8 64. Kd6 Ke8 65. Rf1 d2
66. Rg8# 1-0